ბათუმის შოთა რუსთაველის სახელმწიფო უნივერსიტეტის ბიბლიოთეკა

ძველი ქართული მწერლობის ნათარგმნი ძეგლები : (ბიბ.ჩანაწერი № 39981)

000 -ლიდერი
ფიქსირებული სიგრძის საკონტროლო ველი 01247nam a2200241Ia 4500
001 - საკონტროლო ნომერი
საკონტროლო ველი 6587
003 - საკონტროლო ნომრის იდენტიფიკატორი
საკონტროლო ველი GE_BSU
005 - ბოლო ოპერაციის თარიღი და დრო
საკონტროლო ველი 20191202165044.0
008 - ფიქსირებული სიგრძის მონაცემთა ელემენტები - ზოგადი ინფორმაცია
ფიქსირებული სიგრძის საკონტროლო ველი 181216s2009||||ge |||||||||||||| ||geo||
020 ## - წიგნის საერთაშორისო სტანდარტული ნომერი
International Standard Book Number 9789941010644
040 ## - კატალოგიზაციის წყარო
Transcribing agency GE_BSU
080 ## - უნივერსალური ათობითი კლასიფიკაციის ინდექსი
Universal Decimal Classification number 016:821.353.101+016:821.353.1.03+016:821.353.1-522+27-475.2 გ-12
100 ## - მთავარი ჩანაწერი - პიროვნების სახელი
Personal name გაბიძაშვილი, ენრიკო
9 (RLIN) 5678
245 ## - ცნობა სათაურის შესახებ
Title ძველი ქართული მწერლობის ნათარგმნი ძეგლები :
Remainder of title ბიბლიოგრაფია 3. ჰომილეტიკა /
Statement of responsibility, etc ენრიკო გაბიძაშვილი ; რედ. ედიშერ ჭელიძე.
264 ## - წარმოების, გამოცემის, დისტრიბუციის და სხვა ცნობები
გამოცემის, წარმოების, დისტრიბუციის... ადგილი თბილისი:
გამოცემის, წარმოების, დისტრიბუციის... სახელწოდება საქართველოს მაცნე,
გამოცემის, წარმოების, დისტრიბუციის... თარიღი 2009.
300 ## - ფიზიკური აღწერა
Extent 579 გვ.;
Other physical details 22 სმ.
501 ## - შენიშვნა თანმხლებ მასალაზე
With note საძიებლები: გვ. 505-548.
520 ## - SUMMARY, ETC.
Summary, etc რეზ. ინგლ. და რუს.
653 ## - INDEX TERM--UNCONTROLLED
Uncontrolled term ძველი ქართული სასულიერო მწერლობა
653 ## - INDEX TERM--UNCONTROLLED
Uncontrolled term ბიბლიოგრაფია
710 ## - ADDED ENTRY--CORPORATE NAME
Corporate name or jurisdiction name as entry element ხელნაწერთა ეროვნული ცენტრი
9 (RLIN) 5679
942 ## - ADDED ENTRY ELEMENTS (KOHA)
Koha item type წიგნი
Source of classification or shelving scheme
ეგზემპლარები
ჩამოწერის სტატუსი დაკარგული ეგზემპლარის სტატუსი კლასიფიკაციის წყარო ან თაროზე გაწყობის სქემა დაზიანების სტატუსი არ გაიცემა მუდმივი მდებარეობა (დაცვის ადგილი) ამჟამინდელი ადგილსამყოფელი თაროზე განთავსების ადგილი შეძენის თარიღი სრული შენახვის შიფრი შტრიხკოდი ბოლო ოპერაციის თარიღი ეგზემპლარის მიმდევრობითი ნომერი (კეტერი?) ფასის ძალაში შესვლის თარიღი ეგზემპლარის სახეობა
          ბათუმის შოთა რუსთაველის სახელმწიფო უნივერსიტეტის მთავარი ბიბლიოთეკა ბათუმის შოთა რუსთაველის სახელმწიფო უნივერსიტეტის მთავარი ბიბლიოთეკა წიგნსაცავი 2018-12-17 016:821.353.101+016:821.353.1.03+016:821.353.1-522+27-475.2 გ-12 6980 2018-12-17 6980 2018-12-17 წიგნი